[Event "Titled Tuesday intern op 23rd Apr Late"]
[Site "Chess.com INT"]
[Date "2024.04.23"]
[Round "1"]
[White "Cardoso Cardoso, Jose Gabriel"]
[Black "Hasanagic, Anel"]
[Result "1-0"]
[WhiteElo "2488"]
[BlackElo "2281"]
[PlyCount "79"]
[EventDate "2024.04.23"]
[EventType "swiss (blitz)"]
[EventRounds "11"]
[EventCountry "USA"]
[SourceTitle "CB18_2024"]
[SourceDate "2024.05.01"]
[SourceVersion "1"]
[SourceVersionDate "2024.05.01"]
[SourceQuality "2"]

1. Nf3 Nf6 2. c4 e6 3. g3 d5 4. d4 Bb4+ 5. Bd2 a5 6. Bg2 0-0 7. a3 Be7 8. Qc2 c5 9. cxd5 cxd4 10. Nxd4 Nxd5 11. 0-0 Bf6 12. e3 Bd7 13. Nc3 Nxc3 14. Bxc3 Nc6 15. Nb5 Bxc3 16. Qxc3 Qb6 17. Nd6 Rfd8 18. Rfd1 a4 19. Rd2 h6 20. Rad1 Be8 21. h4 Rab8 22. Kh2 Ne7 23. Nc4 Qc7 24. Rxd8 Rxd8 25. Rxd8 Qxd8 26. Bxb7 Qb8 27. Bg2 Bc6 28. Bxc6 Nxc6 29. Nd2 Ne5 30. Qd4 Qb5 31. Kg2 Qc6+ 32. e4 Qb5 33. Nf3 Nc6 34. Qd7 Qc5 35. Qe8+ Kh7 36. Qxf7 Qe7 37. Qxe7 Nxe7 38. Nd4 e5 39. Nb5 Nc6 40. Nc3 1-0

[Event "Titled Tuesday intern op 23rd Apr Late"]
[Site "Chess.com INT"]
[Date "2024.04.23"]
[Round "4"]
[White "Cardoso Cardoso, Jose Gabriel"]
[Black "Kostic, V Vladimir"]
[Result "1-0"]
[WhiteElo "2488"]
[BlackElo "2013"]
[PlyCount "71"]
[EventDate "2024.04.23"]
[EventType "swiss (blitz)"]
[EventRounds "11"]
[EventCountry "USA"]
[SourceTitle "CB18_2024"]
[SourceDate "2024.05.01"]
[SourceVersion "1"]
[SourceVersionDate "2024.05.01"]
[SourceQuality "2"]

1. e4 e5 2. Nf3 Nc6 3. Bb5 a6 4. Ba4 Nf6 5. d3 b5 6. Bb3 Be7 7. Nc3 d6 8. a4 b4 9. Nd5 Rb8 10. a5 0-0 11. Bd2 Bg4 12. Bc4 Nd4 13. Bxa6 Nxd5 14. exd5 Qd7 15. Be3 Bxf3 16. gxf3 Qf5 17. Bxd4 exd4 18. Bc4 Bg5 19. h4 Bf4 20. a6 Rfe8+ 21. Kf1 Rb6 22. a7 Ra8 23. Qe2 Rb7 24. Qe7 h6 25. h5 Rbxa7 26. Rxa7 Rxa7 27. Kg2 Ra8 28. Bb3 Bg5 29. Qe4 Qf6 30. Qg4 Bf4 31. Re1 Be5 32. Re4 Ra1 33. f4 Qe7 34. fxe5 dxe5 35. Qf5 Qh4 36. Rxh4 1-0

[Event "Titled Tuesday intern op 23rd Apr Late"]
[Site "Chess.com INT"]
[Date "2024.04.23"]
[Round "7"]
[White "Cardoso Cardoso, Jose Gabriel"]
[Black "Vovk, Orest"]
[Result "1-0"]
[WhiteElo "2488"]
[BlackElo "2315"]
[PlyCount "87"]
[EventDate "2024.04.23"]
[EventType "swiss (blitz)"]
[EventRounds "11"]
[EventCountry "USA"]
[SourceTitle "CB18_2024"]
[SourceDate "2024.05.01"]
[SourceVersion "1"]
[SourceVersionDate "2024.05.01"]
[SourceQuality "2"]

1. e4 g5 2. d4 g4 3. Qxg4 d5 4. Qh4 dxe4 5. Qxe4 Nf6 6. Qd3 Nc6 7. c3 Qd5 8. Nf3 Bg4 9. h3 Bxf3 10. Qxf3 Qxf3 11. gxf3 e5 12. Bg5 Be7 13. dxe5 Nxe5 14. Nd2 0-0-0 15. Be2 Nd5 16. Bxe7 Nxe7 17. 0-0-0 N7g6 18. Nc4 Nxc4 19. Bxc4 Ne5 20. Bd5 c6 21. Be4 Rdf8 22. f4 Ng6 23. f5 Nf4 24. Kc2 Re8 25. f3 f6 26. Rdg1 Rhg8 27. Rg4 Nd5 28. Kd2 h5 29. Rg6 Nf4 30. Rxg8 Rxg8 31. Ke3 Ng2+ 32. Kf2 Nf4 33. h4 Rg2+ 34. Ke3 Nd5+ 35. Bxd5 cxd5 36. Rb1 Kc7 37. a4 Kc6 38. b4 Rh2 39. Rg1 Kd6 40. Rg7 Rxh4 41. Rxb7 Rh1 42. Rxa7 h4 43. Rh7 h3 44. Kf2 1-0

[Event "Titled Tuesday intern op 23rd Apr Late"]
[Site "Chess.com INT"]
[Date "2024.04.23"]
[Round "8"]
[White "Ivic, Velimir"]
[Black "Cardoso Cardoso, Jose Gabriel"]
[Result "1-0"]
[WhiteElo "2582"]
[BlackElo "2488"]
[PlyCount "51"]
[EventDate "2024.04.23"]
[EventType "swiss (blitz)"]
[EventRounds "11"]
[EventCountry "USA"]
[SourceTitle "CB18_2024"]
[SourceDate "2024.05.01"]
[SourceVersion "1"]
[SourceVersionDate "2024.05.01"]
[SourceQuality "2"]

1. d4 Nf6 2. c4 d6 3. Nc3 Nbd7 4. e4 e5 5. Nf3 Be7 6. Be2 0-0 7. 0-0 Re8 8. Re1 c6 9. Bf1 Bf8 10. d5 c5 11. a3 a6 12. b4 Qc7 13. Rb1 g6 14. Be3 Bg7 15. Bd2 Rb8 16. Be3 Ng4 17. Bg5 b5 18. Nd2 cxb4 19. axb4 bxc4 20. Qxg4 Nc5 21. Qf3 Nd3 22. Bxd3 cxd3 23. Qxd3 h6 24. Be3 Bd7 25. Rec1 Rec8 26. Qxa6 1-0

[Event "Titled Tuesday intern op 02nd Apr Early"]
[Site "Chess.com INT"]
[Date "2024.04.02"]
[Round "3"]
[White "Cardoso Cardoso, Jose Gabriel"]
[Black "Demchenko, Anton"]
[Result "1-0"]
[WhiteElo "2488"]
[BlackElo "2609"]
[PlyCount "129"]
[EventDate "2024.04.02"]
[EventType "swiss (blitz)"]
[EventRounds "11"]
[EventCountry "USA"]
[SourceTitle "CB15_2024"]
[SourceDate "2024.04.10"]
[SourceVersion "1"]
[SourceVersionDate "2024.04.10"]
[SourceQuality "1"]

1. Nf3 Nf6 2. g3 g6 3. Bg2 Bg7 4. d3 0-0 5. e4 d6 6. 0-0 e5 7. a4 a5 8. Nbd2 Nbd7 9. Nc4 Re8 10. Re1 b6 11. b3 Ba6 12. Ne3 Bb7 13. Bb2 Nc5 14. Nd2 Qd7 15. Nd5 Nxd5 16. exd5 Re7 17. h4 Rae8 18. h5 Qf5 19. hxg6 fxg6 20. Ne4 Rf8 21. Qe2 Ref7 22. Bc1 Nxe4 23. dxe4 Qxf2+ 24. Qxf2 Rxf2 25. Be3 R2f7 26. Bh3 Bc8 27. Bxc8 Rxc8 28. Rf1 Rcf8 29. Rxf7 Rxf7 30. Kg2 h5 31. c3 Rf8 32. b4 Ra8 33. b5 Bf6 34. Rf1 Rf8 35. Bh6 Rf7 36. Be3 Kg7 37. c4 Rf8 38. Rf3 Rh8 39. Kh3 g5 40. Rf5 Kg6 41. Bf2 g4+ 42. Kg2 h4 43. Be1 h3+ 44. Kh2 Bg5 45. Bf2 Bd2 46. Bg1 Bc3 47. Be3 Bd4 48. Bd2 Bc5 49. Rg5+ Kh7 50. Rxg4 Rf8 51. Rh4+ Kg6 52. Rg4+ Kh7 53. Rh4+ Kg6 54. Rg4+ Kf7 55. Kxh3 Ke8 56. Rg7 Rf2 57. Bg5 Ra2 58. Re7+ Kf8 59. Rxc7 Rxa4 60. Kg4 Rxc4 61. Kf5 Rc2 62. Kg6 Ke8 63. Re7+ Kf8 64. Rd7 Ke8 65. Rd8# 1-0

[Event "Titled Tuesday intern op 02nd Apr Early"]
[Site "Chess.com INT"]
[Date "2024.04.02"]
[Round "8"]
[White "Cardoso Cardoso, Jose Gabriel"]
[Black "Sarana, Alexey"]
[Result "0-1"]
[WhiteElo "2488"]
[BlackElo "2703"]
[PlyCount "96"]
[EventDate "2024.04.02"]
[EventType "swiss (blitz)"]
[EventRounds "11"]
[EventCountry "USA"]
[SourceTitle "CB15_2024"]
[SourceDate "2024.04.10"]
[SourceVersion "1"]
[SourceVersionDate "2024.04.10"]
[SourceQuality "1"]

1. Nf3 d5 2. g3 g6 3. Bg2 Bg7 4. 0-0 e5 5. d3 Ne7 6. c3 c5 7. Nbd2 Nbc6 8. e4 h6 9. Re1 0-0 10. Qc2 b6 11. a4 Re8 12. exd5 Nxd5 13. Nc4 Ba6 14. Qb3 Bb7 15. Bd2 Qd7 16. Rad1 Rad8 17. Bc1 Ba6 18. Nfd2 Re6 19. Bh3 f5 20. Bg2 Kh7 21. h4 Nf6 22. Nf3 Ng4 23. Ne3 Nxe3 24. Bxe3 Rd6 25. h5 gxh5 26. Nh4 Rxd3 27. Rxd3 Bxd3 28. Qd1 Ne7 29. Qxh5 Qe8 30. Qd1 c4 31. Qc1 Nd5 32. Bd4 Qe6 33. Nf3 e4 34. Ng5+ hxg5 35. Bxg7 f4 36. Bd4 Qf5 37. a5 f3 38. Bh1 Kg6 39. Qa1 b5 40. Qa3 Rd7 41. Qc5 Rh7 42. Qd6+ Nf6 43. Qxf6+ Qxf6 44. Bxf6 Kxf6 45. Re3 g4 46. Re1 Be2 47. Ra1 Rd7 48. Kh2 Rd2 0-1

[Event "Santa Clara Presidents Day IM"]
[Site "Santa Clara"]
[Date "2024.02.19"]
[Round "7"]
[White "Cardoso Cardoso, Jose Gabriel"]
[Black "Yim, Sung Ho"]
[Result "1-0"]
[WhiteElo "2477"]
[BlackElo "2243"]
[PlyCount "87"]
[EventDate "2024.02.13"]
[EventType "tourn"]
[EventRounds "9"]
[EventCountry "USA"]
[SourceTitle "CB08_2024"]
[SourceDate "2024.02.21"]
[SourceVersion "1"]
[SourceVersionDate "2024.02.21"]
[SourceQuality "1"]

1. e4 e5 2. Nf3 Nc6 3. Bb5 a6 4. Ba4 Nf6 5. 0-0 Be7 6. Re1 b5 7. Bb3 0-0 8. a4 Bb7 9. d3 d6 10. axb5 axb5 11. Rxa8 Qxa8 12. Nc3 Na5 13. Nxb5 Nxb3 14. cxb3 Bc6 15. Nc3 Rb8 16. Qc2 Qb7 17. d4 exd4 18. Nxd4 Bd7 19. Bg5 h6 20. Bh4 Qb4 21. Rd1 Qc5 22. h3 Qh5 23. Bg3 Qc5 24. Qd3 Nh5 25. Nd5 Bf6 26. Nxf6+ Nxf6 27. Bf4 Nh5 28. Be3 Qe5 29. Qc2 c5 30. Nf3 Qe6 31. e5 dxe5 32. Qxc5 Rb5 33. Qc7 Nf6 34. Rd6 Qe8 35. Bxh6 Qb8 36. Qxb8+ Rxb8 37. Nxe5 Be6 38. Be3 Rxb3 39. Bd4 Nd5 40. Rd8+ Kh7 41. Nd7 Nf4 42. Nf8+ Kh6 43. Be3 g5 44. h4 1-0

[Event "Santa Clara Presidents Day IM"]
[Site "Santa Clara"]
[Date "2024.02.18"]
[Round "5"]
[White "Stevens, Adam B"]
[Black "Cardoso Cardoso, Jose Gabriel"]
[Result "0-1"]
[WhiteElo "1878"]
[BlackElo "2477"]
[PlyCount "152"]
[EventDate "2024.02.13"]
[EventType "tourn"]
[EventRounds "9"]
[EventCountry "USA"]
[SourceTitle "CB08_2024"]
[SourceDate "2024.02.21"]
[SourceVersion "1"]
[SourceVersionDate "2024.02.21"]
[SourceQuality "1"]

1. d4 Nf6 2. c4 e6 3. Nf3 d5 4. g3 Bb4+ 5. Bd2 Be7 6. Bg2 c6 7. Qc2 Nbd7 8. 0-0 Ne4 9. Be3 Nd6 10. c5 Ne4 11. Nc3 f5 12. Nd2 e5 13. b4 Bf6 14. Nb3 0-0 15. f3 Nxc3 16. Qxc3 Qe7 17. Rae1 Qf7 18. dxe5 Bxe5 19. Bd4 Bxd4+ 20. Qxd4 f4 21. e4 fxg3 22. hxg3 Nf6 23. e5 Nh5 24. Qh4 Qg6 25. Kh2 Rf5 26. Qd8+ Rf8 27. Qh4 b6 28. e6 Bxe6 29. Rxe6 Qxe6 30. Qxh5 Qe3 31. Qh4 bxc5 32. bxc5 Rab8 33. g4 Rbe8 34. Qf2 Qf4+ 35. Qg3 Re2 36. Qxf4 Rxf4 37. Na5 Rf6 38. Rb1 Rxa2 39. Rb8+ Kf7 40. Rb7+ Kg6 41. Rxa7 d4 42. Nxc6 Rxa7 43. Nxa7 d3 44. Nb5 Rf4 45. Kg3 Rc4 46. Bf1 d2 47. Be2 Rxc5 48. Nd4 Rd5 49. Ne6 Kf6 50. Nf4 d1Q 51. Bxd1 Rxd1 52. Nh5+ Kf7 53. Nf4 g6 54. Ne2 Rd3 55. Nf4 Ra3 56. Ne2 Kf6 57. Nf4 g5 58. Ne2 Ke5 59. Kf2 Rb3 60. Ng1 Kd4 61. Ne2+ Kc4 62. f4 Kd5 63. fxg5 Ke4 64. Ng3+ Kf4 65. Nh5+ Kxg5 66. Ng3 Kxg4 67. Ne4 Kf4 68. Nf6 Rb2+ 69. Ke1 h6 70. Kf1 Kf3 71. Kg1 Rd2 72. Nh5 Rd6 73. Kh2 Kg4 74. Ng7 Kg5 75. Kg3 Kg6 76. Ne8 Rc6 0-1

[Event "Chessable Masters Play In"]
[Site "Chess.com INT"]
[Date "2024.01.31"]
[Round "7"]
[White "Cardoso Cardoso, Jose Gabriel"]
[Black "Sychev, Klementy"]
[Result "1-0"]
[WhiteElo "2477"]
[BlackElo "2542"]
[PlyCount "155"]
[EventDate "2024.01.31"]
[EventType "swiss (rapid)"]
[EventRounds "9"]
[EventCountry "USA"]
[SourceTitle "CB06_2024"]
[SourceDate "2024.02.07"]
[SourceVersion "1"]
[SourceVersionDate "2024.02.07"]
[SourceQuality "1"]

1. e4 e5 2. Nf3 Nc6 3. Bc4 Nf6 4. d3 Bc5 5. 0-0 0-0 6. Re1 h6 7. Nbd2 d6 8. c3 Bb6 9. a4 a6 10. h3 Be6 11. b4 Nh5 12. a5 Ba7 13. Nf1 Qf6 14. Be3 Nf4 15. Bxa7 Rxa7 16. Ne3 Bxc4 17. dxc4 Qg6 18. Kh2 Qxe4 19. g3 Ne6 20. Nh4 Qh7 21. Nd5 Kh8 22. b5 axb5 23. cxb5 Rxa5 24. bxc6 Rxa1 25. Qxa1 bxc6 26. Ne7 Qc2 27. Kg1 Ng5 28. Kg2 Qd3 29. Qa4 Qxc3 30. Re3 Qd2 31. Qxc6 Kh7 32. Nf3 Nxf3 33. Rxf3 Qd4 34. Qxc7 e4 35. Re3 f5 36. Qd7 Qe5 37. Nc6 Qf6 38. Qe7 Kg6 39. Rb3 d5 40. Rb6 Kh7 41. Qe5 f4 42. Qxf4 Qxf4 43. gxf4 Rf6 44. Ra6 d4 45. Nb4 Rxf4 46. Rd6 d3 47. Nd5 Rf5 48. Ne3 Rg5+ 49. Kh2 Re5 50. Kg3 Rg5+ 51. Kf4 Rh5 52. Kxe4 Rxh3 53. Kxd3 h5 54. Ke4 Rh2 55. f4 Ra2 56. Rd7 Kg6 57. f5+ Kh6 58. Rd6+ Kh7 59. Kf4 Rh2 60. Rd7 Kh6 61. Rd6+ Kh7 62. Kg3 Rh1 63. Ng2 Rf1 64. Nh4 Rg1+ 65. Kf3 Rg4 66. Ng6 Rg5 67. Kf4 Rg4+ 68. Ke5 Rg1 69. Nf8+ Kg8 70. Ne6 h4 71. Rd3 Rg2 72. Kf4 Kf7 73. Ng5+ Kf6 74. Rd6+ Ke7 75. Rg6 h3 76. Rxg7+ Kf6 77. Rg6+ Ke7 78. Re6+ 1-0

[Event "Carlos Torre Memorial op 33rd"]
[Site "Merida"]
[Date "2023.12.17"]
[Round "5"]
[White "Cardoso Cardoso, Jose Gabriel"]
[Black "Gonzalez Zamora, Juan Carlos"]
[Result "1/2-1/2"]
[WhiteElo "2471"]
[BlackElo "2474"]
[PlyCount "53"]
[EventDate "2023.12.15"]
[EventType "swiss"]
[EventRounds "9"]
[EventCountry "MEX"]
[SourceTitle "CB52_2023"]
[SourceDate "2023.12.27"]
[SourceVersion "1"]
[SourceVersionDate "2023.12.27"]
[SourceQuality "1"]

1. e4 e5 2. Nf3 Nc6 3. Bb5 a6 4. Ba4 d6 5. c3 Nf6 6. d4 Bd7 7. 0-0 g6 8. Re1 Bg7 9. d5 Ne7 10. c4 0-0 11. Nc3 Bg4 12. h3 Bxf3 13. Qxf3 Kh8 14. Bg5 Nfg8 15. h4 f6 16. Bd2 Bh6 17. Bxh6 Nxh6 18. Qg3 Nf7 19. Bc2 f5 20. Qh3 Nh6 21. Rad1 Ng4 22. h5 gxh5 23. exf5 Nxf5 24. Qxh5 Qh4 25. Qxh4 Nxh4 26. Re4 Rg8 27. Rd2 1/2-1/2

[Event "Carlos Torre Memorial op 33rd"]
[Site "Merida"]
[Date "2023.12.17"]
[Round "6"]
[White "Mirzoev, Azer"]
[Black "Cardoso Cardoso, Jose Gabriel"]
[Result "1/2-1/2"]
[WhiteElo "2428"]
[BlackElo "2471"]
[PlyCount "66"]
[EventDate "2023.12.15"]
[EventType "swiss"]
[EventRounds "9"]
[EventCountry "MEX"]
[SourceTitle "CB52_2023"]
[SourceDate "2023.12.27"]
[SourceVersion "1"]
[SourceVersionDate "2023.12.27"]
[SourceQuality "1"]

1. d4 Nf6 2. Nf3 d5 3. c4 e6 4. e3 a6 5. Nbd2 c5 6. cxd5 exd5 7. dxc5 Bxc5 8. Be2 0-0 9. 0-0 Nc6 10. a3 Ba7 11. b4 d4 12. exd4 Nxd4 13. Bb2 Nxe2+ 14. Qxe2 Bf5 15. Ne5 Rc8 16. Ndc4 Qd5 17. Ne3 Qe4 18. Rfe1 Bxe3 19. Qxe3 Qxe3 20. Rxe3 Rc2 21. Bd4 Nd5 22. Ree1 Rfc8 23. h3 f6 24. Nf3 Bd3 25. Bc5 b6 26. Bd6 Nc3 27. Nd4 Ne2+ 28. Nxe2 Bxe2 29. Bf4 Kf7 30. Be3 b5 31. a4 bxa4 32. Rxa4 Bb5 33. Raa1 Re2 1/2-1/2

[Event "COL-chT"]
[Site "Risaralda"]
[Date "2023.11.20"]
[Round "3.2"]
[White "Arenas Vanegas, David"]
[Black "Cardoso Cardoso, Jose Gabriel"]
[Result "1/2-1/2"]
[WhiteElo "2405"]
[BlackElo "2475"]
[PlyCount "139"]
[EventDate "2023.11.19"]
[EventType "team-swiss"]
[EventRounds "7"]
[EventCountry "COL"]
[SourceTitle "CB49_2023"]
[SourceDate "2023.12.06"]
[SourceVersion "1"]
[SourceVersionDate "2023.12.06"]
[SourceQuality "1"]
[WhiteTeam "Antioquia"]
[BlackTeam "Valle"]
[WhiteTeamCountry "COL"]
[BlackTeamCountry "COL"]

1. e4 c5 2. Nf3 d6 3. d4 cxd4 4. Nxd4 Nf6 5. Nc3 a6 6. Be3 e5 7. Nf3 Be7 8. Bc4 0-0 9. 0-0 Nc6 10. Re1 Na5 11. Bf1 Be6 12. Nd5 Bxd5 13. exd5 b5 14. a4 Nc4 15. Bc1 Qc7 16. axb5 axb5 17. Rxa8 Rxa8 18. b3 Nb6 19. Bxb5 Nfxd5 20. Bd2 Nc3 21. Bxc3 Qxc3 22. Qd2 Qxd2 23. Nxd2 Ra2 24. Bd3 Nd5 25. Ne4 Nb4 26. Nc3 Rb2 27. Be4 g6 28. Ra1 f5 29. Nd1 Ra2 30. Rxa2 Nxa2 31. Bd5+ Kf8 32. c3 e4 33. b4 Nc1 34. Bc4 Bg5 35. Kf1 f4 36. g3 Ke7 37. Ke1 e3 38. gxf4 exf2+ 39. Nxf2 Bxf4 40. Kd1 g5 41. h3 h5 42. b5 Be3 43. Ne4 g4 44. hxg4 hxg4 45. b6 d5 46. Bxd5 Nd3 47. b7 Bf4 48. Ke2 Nc1+ 49. Kf1 Nd3 50. Bc4 Nb2 51. Bb5 Nd1 52. Ke2 g3 53. Kf3 Bb8 54. Be2 g2 55. Kxg2 Ne3+ 56. Kf3 Nd5 57. Bc4 Nb6 58. Bb5 Kd8 59. Nc5 Kc7 60. Ke4 Ba7 61. Ba6 Nd7 62. Na4 Nc5+ 63. Nxc5 Bxc5 64. Kd5 Bg1 65. c4 Kb8 66. c5 Bh2 67. c6 Bg3 68. Be2 Bh2 69. c7+ Bxc7 70. Ke4 1/2-1/2

[Event "Wch U20 60th"]
[Site "Mexico City"]
[Date "2023.09.22"]
[Round "3"]
[White "Cardoso Cardoso, Jose Gabriel"]
[Black "Ramos Silvera, Roberto Alejandro"]
[Result "1/2-1/2"]
[WhiteElo "2478"]
[BlackElo "2297"]
[PlyCount "64"]
[EventDate "2023.09.21"]
[EventType "swiss"]
[EventRounds "11"]
[EventCountry "MEX"]
[SourceTitle "EXT 2024"]
[Source "ChessBase"]
[SourceDate "2023.10.10"]
[SourceVersion "1"]
[SourceVersionDate "2023.10.10"]
[SourceQuality "1"]

1. e4 c5 2. Nf3 d6 3. d4 cxd4 4. Nxd4 Nf6 5. Nc3 a6 6. a4 g6 7. Be2 Bg7 8. 0-0 0-0 9. Re1 Nc6 10. Nb3 Na5 11. e5 Nxb3 12. exf6 Nxc1 13. fxe7 Qxe7 14. Bf3 Be6 15. Rxc1 Bxc3 16. bxc3 Rac8 17. Rb1 Qd7 18. Rxb7 Qxa4 19. Qxd6 Qxc2 20. h4 Rfe8 21. Qxa6 Qxc3 22. Qa1 Qxa1 23. Rxa1 Rb8 24. Rxb8 Rxb8 25. Ra8 Rxa8 26. Bxa8 h5 27. f4 Bf5 28. Kf2 Kf8 29. Ke3 Ke7 30. Kd4 Kd6 31. Bd5 Be6 32. Bf3 Bf5 1/2-1/2

[Event "Barcelona Sants op 24th"]
[Site "Barcelona"]
[Date "2023.08.24"]
[Round "7"]
[White "Melian, Juan Sebastian"]
[Black "Cardoso Cardoso, Jose Gabriel"]
[Result "0-1"]
[WhiteElo "2289"]
[BlackElo "2468"]
[PlyCount "40"]
[EventDate "2023.08.18"]
[EventType "swiss"]
[EventRounds "10"]
[EventCountry "ESP"]
[SourceTitle "CBM 215 Extra"]
[Source "ChessBase"]
[SourceDate "2023.09.30"]
[SourceVersion "1"]
[SourceVersionDate "2023.09.30"]
[SourceQuality "1"]

1. d4 Nf6 2. c4 e6 3. Nf3 d5 4. g3 Bb4+ 5. Bd2 Be7 6. Bg2 c6 7. Qc2 Nbd7 8. 0-0 Ne4 9. Be3 0-0 10. Nfd2 Nd6 11. f3 b6 12. b3 Nf5 13. Bf2 Bf6 14. e3 c5 15. Qd3 cxd4 16. exd4 Nc5 17. dxc5 Bxa1 18. f4 Bb7 19. Na3 Bd4 20. Bxd4 dxc4 0-1

[Event "Barcelona Sants op 24th"]
[Site "Barcelona"]
[Date "2023.08.20"]
[Round "3"]
[White "Shoshin, Kirill"]
[Black "Cardoso Cardoso, Jose Gabriel"]
[Result "1/2-1/2"]
[WhiteElo "2244"]
[BlackElo "2468"]
[PlyCount "63"]
[EventDate "2023.08.18"]
[EventType "swiss"]
[EventRounds "10"]
[EventCountry "ESP"]
[SourceTitle "CBM 215 Extra"]
[Source "ChessBase"]
[SourceDate "2023.09.30"]
[SourceVersion "1"]
[SourceVersionDate "2023.09.30"]
[SourceQuality "1"]

1. d4 Nf6 2. c4 e6 3. Nc3 Bb4 4. e3 0-0 5. a3 Bxc3+ 6. bxc3 c5 7. Bd3 Nc6 8. Ne2 b6 9. e4 Ne8 10. Be3 Ba6 11. Ng3 Na5 12. Qe2 Rc8 13. d5 Nd6 14. e5 Ndxc4 15. Qh5 g6 16. Qh6 f5 17. Bg5 Qe8 18. dxe6 dxe6 19. 0-0 Bb7 20. Rfe1 Bd5 21. h4 Qd7 22. Bf6 Rxf6 23. exf6 Qf7 24. Bxf5 gxf5 25. Nxf5 Nc6 26. Rad1 Qg6 27. Rxd5 exd5 28. Re7 Qxh6 29. Nxh6+ Kh8 30. Nf7+ Kg8 31. Nh6+ Kh8 32. Nf7+ 1/2-1/2

[Event "Spilimbergo op 21st"]
[Site "Spilimbergo"]
[Date "2023.08.13"]
[Round "7"]
[White "Cardoso Cardoso, Jose Gabriel"]
[Black "Hoefelsauer, Thomas"]
[Result "1-0"]
[WhiteElo "2468"]
[BlackElo "2367"]
[PlyCount "45"]
[EventDate "2023.08.09"]
[EventType "swiss"]
[EventRounds "9"]
[EventCountry "ITA"]
[SourceTitle "CBM 215 Extra"]
[Source "ChessBase"]
[SourceDate "2023.09.30"]
[SourceVersion "1"]
[SourceVersionDate "2023.09.30"]
[SourceQuality "1"]

1. e4 c6 2. d4 d5 3. e5 c5 4. dxc5 e6 5. c3 Bxc5 6. Qg4 Ne7 7. b4 Bb6 8. Qxg7 Rg8 9. Qxh7 Nbc6 10. Nf3 Qc7 11. Bf4 Bd7 12. a4 a6 13. Nbd2 0-0-0 14. b5 Ng6 15. bxc6 Qxc6 16. Bg3 Qxc3 17. Rb1 Ba5 18. Bxa6 bxa6 19. 0-0 Qc7 20. Rfc1 Bc3 21. Rb3 d4 22. Ne4 Bxa4 23. Nd6+ 1-0

[Event "Kavala op 32nd"]
[Site "Kavala"]
[Date "2023.08.01"]
[Round "6"]
[White "Cardoso Cardoso, Jose Gabriel"]
[Black "Ilamparthi, AR."]
[Result "1/2-1/2"]
[WhiteElo "2468"]
[BlackElo "2384"]
[PlyCount "81"]
[EventDate "2023.07.28"]
[EventType "swiss"]
[EventRounds "9"]
[EventCountry "GRE"]
[SourceTitle "CBM 215 Extra"]
[Source "ChessBase"]
[SourceDate "2023.09.30"]
[SourceVersion "1"]
[SourceVersionDate "2023.09.30"]
[SourceQuality "1"]

1. e4 c5 2. Nf3 d6 3. d4 cxd4 4. Nxd4 Nf6 5. Nc3 a6 6. Bg5 e6 7. f4 Qb6 8. Qd2 Qxb2 9. Rb1 Qa3 10. e5 h6 11. Bh4 dxe5 12. fxe5 g5 13. exf6 gxh4 14. Be2 Qa5 15. 0-0 Nd7 16. Qd3 Qe5 17. Nf3 Bc5+ 18. Kh1 Qe3 19. Ne4 Qxd3 20. cxd3 b5 21. Rfc1 Bf8 22. Rc7 Kd8 23. Rbc1 Rb8 24. h3 Bb7 25. Rxd7+ Kxd7 26. Ne5+ Ke8 27. Bh5 Bxe4 28. dxe4 Rh7 29. Nxf7 Kd7 30. e5 Ba3 31. Rd1+ Kc7 32. Bg6 Rxf7 33. Bxf7 Bb2 34. Bxe6 Bxe5 35. Rd7+ Kc6 36. f7 Bd6 37. Ra7 Kb6 38. Rd7 Kc6 39. Kg1 a5 40. Kf2 a4 41. Ke2 1/2-1/2

[Event "Kavala op 32nd"]
[Site "Kavala"]
[Date "2023.07.31"]
[Round "5"]
[White "Hagner, Bennet"]
[Black "Cardoso Cardoso, Jose Gabriel"]
[Result "0-1"]
[WhiteElo "2323"]
[BlackElo "2468"]
[PlyCount "62"]
[EventDate "2023.07.28"]
[EventType "swiss"]
[EventRounds "9"]
[EventCountry "GRE"]
[SourceTitle "CBM 215 Extra"]
[Source "ChessBase"]
[SourceDate "2023.09.30"]
[SourceVersion "1"]
[SourceVersionDate "2023.09.30"]
[SourceQuality "1"]

1. e4 c5 2. Nf3 d6 3. d4 cxd4 4. Nxd4 Nf6 5. Nc3 a6 6. f4 e5 7. Nb3 Qc7 8. Be2 b5 9. 0-0 Bb7 10. a4 b4 11. Nd5 Nxd5 12. exd5 Nd7 13. c4 bxc3 14. bxc3 Be7 15. c4 0-0 16. Rb1 Rab8 17. Kh1 Bf6 18. fxe5 Bxe5 19. Be3 Rfe8 20. Qd2 Nf6 21. Bf3 Qxc4 22. Na5 Qh4 23. g3 Bxg3 24. Bg5 Ne4 25. Bxh4 Nxd2 26. Bxg3 Nxb1 27. Rxb1 Bxd5 28. Rf1 Bxf3+ 29. Rxf3 Rb4 30. Bxd6 Rxa4 31. Nb3 Ra2 0-1